[Event "CAN-op (Pinnacle 48th CAN Op Ch)"]
[Site "Toronto CAN"]
[Date "2011.07.11"]
[Round "3"]
[White "Orlova, Yelizaveta"]
[Black "Pieri, Enzo"]
[Result "1-0"]
[WhiteElo "1934"]
[BlackElo "1734"]
[PlyCount "57"]
[GameId "2160767909707114"]
[EventDate "2011.07.09"]
[EventType "swiss"]
[EventRounds "9"]
[EventCountry "CAN"]
[SourceTitle "CBM 143 Extra"]
[Source "ChessBase"]
[SourceDate "2011.08.29"]
[SourceVersion "1"]
[SourceVersionDate "2011.08.29"]
[SourceQuality "1"]

1. b3 Nf6 2. Bb2 d5 3. e3 a6 4. Nf3 Nc6 5. d4 e6 6. Nbd2 Be7 7. c4 O-O 8. Rc1 Re8 9. Bd3 h6 10. Qe2 Bf8 11. Ne5 Nb4 12. Bb1 Nd7 13. a3 Nxe5 14. dxe5 Nc6 15. O-O Ne7 16. f4 c5 17. cxd5 exd5 18. f5 Nc6 19. Nf3 Qc7 20. f6 Bg4 21. Qd3 g6 22. Nh4 Rxe5 23. Nxg6 Re4 24. Qxd5 Rxe3 25. Ne7+ Nxe7 26. fxe7 Qxe7 27. Rxf7 Qe6 28. Rcf1 Bf3 29. Qxe6 1-0

[Event "CAN-op (Pinnacle 48th CAN Op Ch)"]
[Site "Toronto CAN"]
[Date "2011.07.11"]
[Round "3"]
[White "Patterson, Roger"]
[Black "Zenyuk, Iryna"]
[Result "0-1"]
[WhiteElo "2141"]
[BlackElo "2222"]
[PlyCount "84"]
[GameId "2160767909707115"]
[EventDate "2011.07.09"]
[EventType "swiss"]
[EventRounds "9"]
[EventCountry "CAN"]
[SourceTitle "CBM 143 Extra"]
[Source "ChessBase"]
[SourceDate "2011.08.29"]
[SourceVersion "1"]
[SourceVersionDate "2011.08.29"]
[SourceQuality "1"]

1. e4 c5 2. Nf3 d6 3. d4 cxd4 4. Nxd4 Nf6 5. Nc3 a6 6. Be2 e5 7. Nb3 Be7 8. g4 h6 9. g5 hxg5 10. Bxg5 Be6 11. Qd2 Nbd7 12. O-O-O Rc8 13. h4 b5 14. f3 Qc7 15. Kb1 Nb6 16. Bxf6 gxf6 17. Nd5 Bxd5 18. exd5 Nc4 19. Bxc4 bxc4 20. Na5 c3 21. Qxc3 Qxc3 22. bxc3 Rxc3 23. Rd3 Rxd3 24. cxd3 Rh5 25. Nc6 f5 26. Nxe7 Kxe7 27. Kc2 f4 28. Kc3 f5 29. Kb4 Kf6 30. Ka5 e4 31. d4 exf3 32. Kxa6 f2 33. Kb7 Rxh4 34. Rf1 Rh2 35. Kc6 Kg5 36. Kxd6 Kg4 37. Ke7 Kf3 38. d6 Ke2 39. Rxf2+ Kxf2 40. d7 Rh7+ 41. Ke8 Ke3 42. d5 f3 0-1

[Event "CAN-op (Pinnacle 48th CAN Op Ch)"]
[Site "Toronto CAN"]
[Date "2011.07.11"]
[Round "3"]
[White "Pedersen, Rick"]
[Black "Drkulec, Vladimir"]
[Result "0-1"]
[WhiteElo "1988"]
[BlackElo "2002"]
[PlyCount "150"]
[GameId "2160767909707116"]
[EventDate "2011.07.09"]
[EventType "swiss"]
[EventRounds "9"]
[EventCountry "CAN"]
[SourceTitle "CBM 143 Extra"]
[Source "ChessBase"]
[SourceDate "2011.08.29"]
[SourceVersion "1"]
[SourceVersionDate "2011.08.29"]
[SourceQuality "1"]

1. e4 e5 2. Nf3 Nc6 3. Bb5 a6 4. Ba4 Nf6 5. O-O b5 6. Bb3 Be7 7. Re1 O-O 8. d4 exd4 9. e5 Ne8 10. Bd5 Rb8 11. Bxc6 dxc6 12. Nxd4 Qd7 13. Nc3 c5 14. Nf3 Qf5 15. Nd5 Bd8 16. Be3 c6 17. Nf4 Be7 18. Nd3 c4 19. Nc5 Nc7 20. Nd4 Qg6 21. b4 cxb3 22. Ncxb3 c5 23. Nf3 Ne6 24. Qe2 Bb7 25. Red1 Rbd8 26. Rxd8 Rxd8 27. Rd1 Qe4 28. Rxd8+ Bxd8 29. Qd3 Be7 30. Qxe4 Bxe4 31. c3 Bd5 32. Kf1 Kf8 33. Ke2 Ke8 34. Ne1 Kd7 35. g3 Kc7 36. f4 g6 37. Kd2 h5 38. Bf2 Kc6 39. Nc2 Be4 40. Na5+ Kb6 41. Nb3 a5 42. Kc1 a4 43. Nd2 Bb7 44. Ne3 Ka5 45. c4 Nc7 46. cxb5 Kxb5 47. Ndc4 Ba6 48. Kb2 Kc6 49. Na5+ Kd7 50. Nac4 Bb5 51. Kc3 Ke6 52. Nb6 f6 53. Nbc4 Nd5+ 54. Nxd5 Kxd5 55. Nb6+ Ke6 56. Nc8 Bf8 57. Nd6 Bxd6 58. exd6 Kxd6 59. a3 Kd5 60. Be1 Bf1 61. Bf2 Bb5 62. Bg1 f5 63. Bf2 Ba6 64. Bg1 h4 65. Bf2 h3 66. g4 fxg4 67. Bh4 Ke4 68. Bg3 Ke3 69. Kc2 Bc4 70. Kc3 Bb3 71. Kb2 Kd2 72. Bh4 c4 73. Bg5 c3+ 74. Ka1 Kd1 75. f5 g3 0-1

[Event "CAN-op (Pinnacle 48th CAN Op Ch)"]
[Site "Toronto CAN"]
[Date "2011.07.11"]
[Round "3"]
[White "Perez Rodriguez, Luis Manuel"]
[Black "Mikhalevski, Victor"]
[Result "1-0"]
[WhiteElo "2467"]
[BlackElo "2569"]
[PlyCount "125"]
[GameId "2160767909707117"]
[EventDate "2011.07.09"]
[EventType "swiss"]
[EventRounds "9"]
[EventCountry "CAN"]
[SourceTitle "CBM 143 Extra"]
[Source "ChessBase"]
[SourceDate "2011.08.29"]
[SourceVersion "1"]
[SourceVersionDate "2011.08.29"]
[SourceQuality "1"]

1. e4 e5 2. Nf3 Nc6 3. Bb5 a6 4. Ba4 Nf6 5. O-O Nxe4 6. d4 b5 7. Bb3 d5 8. dxe5 Be6 9. Nbd2 Nc5 10. c3 Bg4 11. h3 Bh5 12. Bc2 Be7 13. Re1 O-O 14. Nf1 d4 15. Ng3 Bxf3 16. Qxf3 d3 17. Bb3 Na5 18. Nf5 Naxb3 19. axb3 Bg5 20. Bxg5 Qxg5 21. b4 d2 22. Red1 g6 23. bxc5 gxf5 24. h4 Qxh4 25. Rxd2 Qg4 26. Qc6 f4 27. f3 Qh4 28. e6 Rad8 29. exf7+ Rxf7 30. Rxd8+ Qxd8 31. Qxa6 Qe8 32. Qa8 Rf8 33. Qxe8 Rxe8 34. Ra7 c6 35. Rc7 Re6 36. Kf2 h5 37. Kg1 Kf8 38. Kh2 Ke8 39. Kh3 Kd8 40. Rf7 Re2 41. b4 Rc2 42. Rxf4 Rxc3 43. Re4 Rc2 44. g3 Rf2 45. Rf4 Ke7 46. Kh4 Rh2+ 47. Kg5 Ke6 48. Rd4 Ke5 49. Rh4 Rg2 50. Rxh5 Kd4 51. g4 Kc4 52. Rh6 Kxb4 53. Rxc6 Kc4 54. f4 Kd5 55. Rc8 Ke4 56. f5 Kf3 57. f6 Rxg4+ 58. Kh6 Rh4+ 59. Kg7 Rg4+ 60. Kf8 Rh4 61. Re8 Rc4 62. f7 Rxc5 63. Kg7 1-0

[Event "CAN-op (Pinnacle 48th CAN Op Ch)"]
[Site "Toronto CAN"]
[Date "2011.07.11"]
[Round "3"]
[White "Picana, Andrew"]
[Black "Ugodnikov, Arkadiy"]
[Result "1-0"]
[WhiteElo "2140"]
[BlackElo "1818"]
[PlyCount "63"]
[GameId "2160767909707118"]
[EventDate "2011.07.09"]
[EventType "swiss"]
[EventRounds "9"]
[EventCountry "CAN"]
[SourceTitle "EXT 2022"]
[Source "ChessBase"]
[SourceDate "2021.10.06"]
[SourceVersion "1"]
[SourceVersionDate "2021.10.06"]
[SourceQuality "1"]

1. c4 Nf6 2. d4 c5 3. e3 g6 4. Nf3 Bg7 5. Be2 O-O 6. Nc3 cxd4 7. exd4 d5 8. c5 Nc6 9. Bf4 Nh5 10. Bg5 Nf6 11. O-O Re8 12. h3 h6 13. Bf4 Nh5 14. Bh2 b6 15. Nb5 e5 16. Nd6 Re7 17. Nxc8 Rxc8 18. cxb6 axb6 19. Ba6 Rcc7 20. dxe5 Nxe5 21. g4 Nxf3+ 22. Qxf3 Ra7 23. Bb5 Nf6 24. a4 Ne4 25. Rfd1 Bxb2 26. Ra2 Bg7 27. Rc2 Nf6 28. Rdc1 Ra8 29. Bc7 Rxc7 30. Rxc7 Rb8 31. h4 Ne4 32. Qxf7+ 1-0

[Event "CAN-op (Pinnacle 48th CAN Op Ch)"]
[Site "Toronto CAN"]
[Date "2011.07.11"]
[Round "3"]
[White "Pitre, Hanniegn"]
[Black "Abrahams, Daniel"]
[Result "0-1"]
[WhiteElo "1907"]
[BlackElo "2161"]
[PlyCount "84"]
[GameId "2160767909707119"]
[EventDate "2011.07.09"]
[EventType "swiss"]
[EventRounds "9"]
[EventCountry "CAN"]
[SourceTitle "EXT 2022"]
[Source "ChessBase"]
[SourceDate "2021.10.06"]
[SourceVersion "1"]
[SourceVersionDate "2021.10.06"]
[SourceQuality "1"]

1. e4 e5 2. f4 exf4 3. Nf3 g5 4. h4 g4 5. Ne5 Nf6 6. d4 d6 7. Nd3 Nxe4 8. Bxf4 Qe7 9. Qe2 Nc6 10. c3 Bf5 11. d5 Nb8 12. Nd2 Nxd2 13. Kxd2 Qxe2+ 14. Bxe2 h5 15. Rae1 Kd7 16. Rhf1 Bg6 17. Bg5 Bg7 18. Nf4 Be5 19. Nxg6 fxg6 20. Rf7+ Kc8 21. Bd3 b6 22. Bxg6 Na6 23. Bxh5 Rxh5 24. b4 Kb7 25. Re4 g3 26. Rxe5 dxe5 27. d6 Rxg5 28. hxg5 Rd8 29. d7 Nb8 30. g6 Rxd7+ 31. Rxd7 Nxd7 32. Ke3 Kc6 33. Ke4 Kd6 34. g7 Nf6+ 35. Kf5 Ng8 36. c4 b5 37. cxb5 Kd5 38. Kg4 e4 39. Kxg3 Kd4 40. Kf2 Kd3 41. Ke1 e3 42. a3 e2 0-1

[Event "CAN-op (Pinnacle 48th CAN Op Ch)"]
[Site "Toronto CAN"]
[Date "2011.07.11"]
[Round "3"]
[White "Regan, Kenneth"]
[Black "Willis, Bradley"]
[Result "1-0"]
[WhiteElo "2422"]
[BlackElo "2094"]
[PlyCount "65"]
[GameId "2160767909707122"]
[EventDate "2011.07.09"]
[EventType "swiss"]
[EventRounds "9"]
[EventCountry "CAN"]
[SourceTitle "EXT 2022"]
[Source "ChessBase"]
[SourceDate "2021.10.06"]
[SourceVersion "1"]
[SourceVersionDate "2021.10.06"]
[SourceQuality "1"]

1. e4 e6 2. d4 d5 3. e5 c5 4. c3 Nc6 5. Nf3 Bd7 6. Be2 f6 7. O-O fxe5 8. Nxe5 Nxe5 9. dxe5 Qc7 10. Re1 O-O-O 11. Bg5 Ne7 12. Bd3 h6 13. Bxe7 Bxe7 14. c4 g5 15. Nc3 d4 16. Nb5 Qb8 17. b4 a6 18. Nd6+ Bxd6 19. exd6 Qxd6 20. bxc5 Qxc5 21. Rb1 Rhe8 22. Qh5 Rh8 23. Qf3 Bc6 24. Qf6 Bd7 25. Be4 b6 26. Bf3 Rdf8 27. Qg7 Rfg8 28. Qf6 Rf8 29. Qg6 Rf4 30. Re4 Kc7 31. Rxf4 gxf4 32. Qe4 Qxc4 33. Qe5+ 1-0

[Event "CAN-op (Pinnacle 48th CAN Op Ch)"]
[Site "Toronto CAN"]
[Date "2011.07.11"]
[Round "3"]
[White "Renteria, Rolando"]
[Black "Benjamin, Joel"]
[Result "0-1"]
[WhiteElo "2175"]
[BlackElo "2553"]
[PlyCount "102"]
[GameId "2160767909707123"]
[EventDate "2011.07.09"]
[EventType "swiss"]
[EventRounds "9"]
[EventCountry "CAN"]
[SourceTitle "CBM 143 Extra"]
[Source "ChessBase"]
[SourceDate "2011.08.29"]
[SourceVersion "1"]
[SourceVersionDate "2011.08.29"]
[SourceQuality "1"]

1. e4 c6 2. d3 d5 3. Nd2 e5 4. Ngf3 Bd6 5. g3 Nf6 6. Bg2 O-O 7. O-O Bg4 8. h3 Bh5 9. g4 Bg6 10. Re1 Re8 11. Nh4 Nbd7 12. Nf5 Bf8 13. Nb3 Qc7 14. Bg5 Bxf5 15. gxf5 g6 16. Qf3 Bg7 17. Rad1 d4 18. h4 Nh5 19. Nc1 h6 20. Bd2 Qd8 21. Bh3 Kh7 22. Ne2 Rf8 23. Kg2 Qe7 24. Rh1 Ndf6 25. Ng3 c5 26. Rdg1 Rg8 27. Bg5 hxg5 28. hxg5 Bh6 29. Kf1 Bxg5 30. fxg6+ fxg6 31. Bf5 Kh6 32. Bxg6 Kxg6 33. Nxh5 Kf7 34. Ng3 Ke6 35. Nf5 Qf7 36. Qh3 Kd7 37. Nh6+ Qe6 38. Nf5 Kc7 39. Rg2 Bf4 40. Rxg8 Rxg8 41. Qh4 Kb8 42. Rg1 Rxg1+ 43. Kxg1 a6 44. Kf1 Ka7 45. Qh8 c4 46. Qd8 cxd3 47. cxd3 Nd7 48. a4 Bd2 49. Ne7 Nb6 50. Qc7 a5 51. b3 Bb4 0-1

[Event "CAN-op (Pinnacle 48th CAN Op Ch)"]
[Site "Toronto CAN"]
[Date "2011.07.11"]
[Round "3"]
[White "Rozentalis, Eduardas"]
[Black "Plotkin, Victor"]
[Result "1-0"]
[WhiteElo "2571"]
[BlackElo "2243"]
[PlyCount "69"]
[GameId "2160767909707125"]
[EventDate "2011.07.09"]
[EventType "swiss"]
[EventRounds "9"]
[EventCountry "CAN"]
[SourceTitle "CBM 143 Extra"]
[Source "ChessBase"]
[SourceDate "2011.08.29"]
[SourceVersion "1"]
[SourceVersionDate "2011.08.29"]
[SourceQuality "1"]

1. e4 e5 2. Nf3 Nf6 3. Nxe5 d6 4. Nc4 Nxe4 5. d4 d5 6. Ne3 Nc6 7. c3 Qf6 8. Qe2 Be6 9. g3 O-O-O 10. Bg2 Qg6 11. Nd2 f5 12. f4 Be7 13. Nxe4 fxe4 14. O-O Qe8 15. f5 Bf7 16. b4 h5 17. Bh3 Kb8 18. a4 Bf6 19. Nc2 Ne7 20. b5 Nc8 21. a5 Nd6 22. b6 cxb6 23. axb6 a6 24. Bf4 Qc6 25. Nb4 Qc4 26. Qe3 Kc8 27. Ra5 Nb5 28. Rc1 Kd7 29. Bf1 Bxd4 30. cxd4 Qxb4 31. Bxb5+ axb5 32. Ra7 Rb8 33. Bxb8 Rxb8 34. Rc7+ Ke8 35. Rcxb7 1-0

[Event "CAN-op (Pinnacle 48th CAN Op Ch)"]
[Site "Toronto CAN"]
[Date "2011.07.11"]
[Round "3"]
[White "Sapozhnikov, Roman"]
[Black "Pitre, Ron"]
[Result "1-0"]
[WhiteElo "2295"]
[BlackElo "2111"]
[PlyCount "95"]
[GameId "2160767909707128"]
[EventDate "2011.07.09"]
[EventType "swiss"]
[EventRounds "9"]
[EventCountry "CAN"]
[SourceTitle "CBM 143 Extra"]
[Source "ChessBase"]
[SourceDate "2011.08.29"]
[SourceVersion "1"]
[SourceVersionDate "2011.08.29"]
[SourceQuality "1"]

1. e4 c5 2. Nf3 d6 3. d4 cxd4 4. Nxd4 Nf6 5. Nc3 a6 6. Bg5 e6 7. f4 Nbd7 8. Qe2 Qc7 9. O-O-O b5 10. a3 Bb7 11. g4 Be7 12. Bh4 Nb6 13. g5 Nfd7 14. f5 e5 15. Nf3 Rc8 16. Be1 Nc4 17. Bh3 f6 18. Rg1 Bf8 19. Bg4 Qb6 20. Bh5+ Kd8 21. Bf7 Qe3+ 22. Qxe3 Nxe3 23. Rd3 Nc4 24. Bd5 Kc7 25. Bf2 Ncb6 26. Be6 Re8 27. b4 Bc6 28. h4 Ra8 29. Nd2 a5 30. Nb3 Nc4 31. Nxb5+ Bxb5 32. Bxc4 Bxc4 33. Rc3 axb4 34. Rxc4+ Kb7 35. axb4 Nb6 36. Bxb6 Kxb6 37. Kb2 Be7 38. Rd1 fxg5 39. hxg5 Rac8 40. Na5 Rxc4 41. Nxc4+ Kc6 42. f6 gxf6 43. gxf6 Bf8 44. Ne3 h5 45. Rh1 h4 46. Rh3 Rh6 47. Nd5 Rh7 48. Kb3 1-0

[Event "CAN-op (Pinnacle 48th CAN Op Ch)"]
[Site "Toronto CAN"]
[Date "2011.07.11"]
[Round "3"]
[White "Shebetah, Wajdy"]
[Black "Baumgartner, Christopher"]
[Result "1/2-1/2"]
[WhiteElo "2194"]
[BlackElo "1904"]
[PlyCount "58"]
[GameId "2160767909707130"]
[EventDate "2011.07.09"]
[EventType "swiss"]
[EventRounds "9"]
[EventCountry "CAN"]
[SourceTitle "hb 2011"]

1. e4 c5 2. Nf3 e6 3. c3 Nf6 4. d3 d6 5. g3 Be7 6. Bg2 O-O 7. O-O Nc6 8. Re1 Qc7 9. Na3 a6 10. Nc4 Rd8 11. a4 b6 12. Bf4 e5 13. Bg5 Be6 14. Ne3 d5 15. exd5 Nxd5 16. Nxd5 Bxd5 17. Bxe7 Qxe7 18. Qe2 Re8 19. Nd2 Bxg2 20. Kxg2 Rad8 21. Rad1 Qb7 22. Qf3 Qd7 23. Nc4 b5 24. axb5 axb5 25. Ne3 Re6 26. Ng4 Qd5 27. Re4 Ne7 28. Ne3 Qa8 29. Kg1 Rf8 1/2-1/2

[Event "CAN-op (Pinnacle 48th CAN Op Ch)"]
[Site "Toronto CAN"]
[Date "2011.07.11"]
[Round "3"]
[White "Strugach, Leonid"]
[Black "Back, Jeff"]
[Result "1-0"]
[WhiteElo "2324"]
[BlackElo "2053"]
[PlyCount "121"]
[GameId "2160767909707132"]
[EventDate "2011.07.09"]
[EventType "swiss"]
[EventRounds "9"]
[EventCountry "CAN"]
[SourceTitle "hb 2011"]

1. e4 d5 2. exd5 Qxd5 3. Nc3 Qa5 4. d4 c6 5. Nf3 Nf6 6. Ne5 Bf5 7. Bc4 e6 8. O-O Nbd7 9. Bf4 Be7 10. Qe2 Nb6 11. Rad1 Nxc4 12. Nxc4 Qd8 13. Rfe1 O-O 14. a3 Nd5 15. Nxd5 cxd5 16. Ne5 Rc8 17. c3 Bd6 18. Bg3 Qc7 19. Nd3 Bxg3 20. hxg3 Bxd3 21. Rxd3 Rfe8 22. Re3 Qe7 23. f4 Qf6 24. Re5 g6 25. Qb5 Re7 26. R1e3 Rec7 27. Qf1 h5 28. Qf3 Kg7 29. g4 hxg4 30. Qxg4 Rd8 31. Rh3 Rcd7 32. Reh5 Kf8 33. Rh8+ Ke7 34. R8h7 Kd6 35. Re3 Rh8 36. Rxh8 Qxh8 37. Qg5 Kc7 38. Qe5+ Qxe5 39. fxe5 Rd8 40. Rf3 Rf8 41. Kf2 Kd7 42. Ke3 Ke7 43. b3 Rh8 44. c4 Rh1 45. cxd5 exd5 46. Kd3 Ra1 47. a4 Rd1+ 48. Kc3 Rc1+ 49. Kb4 Rc2 50. g3 Ke6 51. Rf6+ Ke7 52. Rd6 Rg2 53. Rxd5 Rxg3 54. Rb5 b6 55. a5 f5 56. axb6 axb6 57. Rxb6 f4 58. Rf6 g5 59. d5 f3 60. d6+ Kd7 61. Kc5 1-0

[Event "CAN-op (Pinnacle 48th CAN Op Ch)"]
[Site "Toronto CAN"]
[Date "2011.07.11"]
[Round "3"]
[White "Xu, Haizhou"]
[Black "Manalo, Pepin"]
[Result "1-0"]
[WhiteElo "2151"]
[BlackElo "1794"]
[PlyCount "105"]
[GameId "2160767909707135"]
[EventDate "2011.07.09"]
[EventType "swiss"]
[EventRounds "9"]
[EventCountry "CAN"]
[SourceTitle "EXT 2022"]
[Source "ChessBase"]
[SourceDate "2021.10.06"]
[SourceVersion "1"]
[SourceVersionDate "2021.10.06"]
[SourceQuality "1"]

1. e4 g6 2. d4 Bg7 3. c4 d6 4. Nc3 Nd7 5. Nf3 Ngf6 6. g3 c5 7. Bg2 cxd4 8. Nxd4 O-O 9. O-O a6 10. h3 Qc7 11. Qe2 Ne5 12. b3 Rb8 13. Bg5 e6 14. Rac1 Bd7 15. Rfd1 h6 16. Be3 Kh7 17. Qd2 Rbd8 18. f4 Nc6 19. Qf2 Nxd4 20. Bxd4 Rde8 21. Bb6 Qc8 22. Rxd6 Bc6 23. e5 Nd7 24. Bxc6 bxc6 25. Rcd1 Nxb6 26. Qxb6 c5 27. Qxa6 Qxa6 28. Rxa6 g5 29. Rd7 gxf4 30. gxf4 Kg6 31. Raa7 h5 32. Kg2 Bh6 33. Ne2 f6 34. Re7 fxe5 35. fxe5 h4 36. Rxe8 Rxe8 37. Rc7 Be3 38. Kf3 Bg5 39. Nf4+ Kf5 40. Nd3 Ra8 41. a4 Rb8 42. Nxc5 Rg8 43. Nd3 Rd8 44. Ke2 Ke4 45. Nf2+ Kxe5 46. Rc5+ Kf4 47. Nd3+ Rxd3 48. Kxd3 e5 49. a5 e4+ 50. Ke2 Be7 51. Rc6 Kg3 52. a6 Kxh3 53. a7 1-0

[Event "CAN-op (Pinnacle 48th CAN Op Ch)"]
[Site "Toronto CAN"]
[Date "2011.07.11"]
[Round "3"]
[White "Yun, Chang"]
[Black "Chan, James"]
[Result "0-1"]
[WhiteElo "1572"]
[BlackElo "2022"]
[PlyCount "98"]
[GameId "2160767909707136"]
[EventDate "2011.07.09"]
[EventType "swiss"]
[EventRounds "9"]
[EventCountry "CAN"]
[SourceTitle "hb 2011"]

1. e4 e5 2. Nf3 Nc6 3. Bc4 Nf6 4. d3 Bc5 5. c3 Bb6 6. Bg5 d6 7. Bb3 h6 8. Bh4 g5 9. Bg3 Qe7 10. Qe2 Bg4 11. Nbd2 a6 12. Nc4 Ba7 13. Ne3 Bd7 14. O-O-O O-O-O 15. Nd2 h5 16. h4 g4 17. Nd5 Nxd5 18. exd5 Na5 19. Bc2 b5 20. b4 Nb7 21. d4 f6 22. Kb2 Qf7 23. dxe5 dxe5 24. Bb3 Nd6 25. a4 Kb7 26. axb5 axb5 27. c4 Bd4+ 28. Kc1 bxc4 29. Nxc4 Nb5 30. Na5+ Kb8 31. d6 Qf8 32. dxc7+ Kxc7 33. Qe4 Rc8 34. Rxd4 Nxd4 35. Qxd4 Kd8+ 36. Kb2 exd4 37. Nb7+ Ke8 38. Bd6 Qh6 39. Re1+ Be6 40. Rxe6+ Kd7 41. Re7+ Kc6 42. Ba4+ Kb6 43. Bc5+ Rxc5 44. bxc5+ Ka6 45. c6 Qd2+ 46. Ka3 Qc1+ 47. Ka2 Kb6 48. Nd6 Ra8 49. Rb7+ Kc5 0-1

[Event "CAN-op (Pinnacle 48th CAN Op Ch)"]
[Site "Toronto CAN"]
[Date "2011.07.11"]
[Round "3"]
[White "Zhao, Yue Tong (Davy)"]
[Black "Tot, Nandor"]
[Result "0-1"]
[WhiteElo "1512"]
[BlackElo "2119"]
[PlyCount "132"]
[GameId "2160767909707137"]
[EventDate "2011.07.09"]
[EventType "swiss"]
[EventRounds "9"]
[EventCountry "CAN"]
[SourceTitle "hb 2011"]

1. e4 c5 2. Nf3 d6 3. d4 cxd4 4. Nxd4 Nf6 5. Nc3 a6 6. Be3 Ng4 7. Qd2 Nxe3 8. Qxe3 Qa5 9. Be2 e6 10. Nb3 Qc7 11. O-O Be7 12. Rad1 O-O 13. Kh1 b5 14. a3 Bb7 15. f4 Nd7 16. Bf3 Nb6 17. Na5 Nc4 18. Nxc4 Qxc4 19. g4 Rac8 20. g5 b4 21. axb4 Qxb4 22. Rb1 Rfe8 23. Qd3 Red8 24. Bg4 Rc4 25. Rfe1 e5 26. Qe3 exf4 27. Qxf4 d5 28. Rf1 Rf8 29. Be2 Rd4 30. Nxd5 Bxd5 31. c3 Rxe4 32. cxb4 Rxf4+ 33. Kg1 Rxb4 34. Bf3 Bxf3 35. Rxf3 Bxg5 36. Kg2 Rfb8 37. Rf2 h6 38. Rc2 a5 39. Kf3 Bf6 40. Rc5 a4 41. Ra5 Bxb2 42. Ke2 a3 43. Kd3 Rd4+ 44. Kc2 Rc8+ 45. Kb3 Rc1 46. Ra8+ Kh7 47. Ka2 Rxb1 48. Kxb1 Rd1+ 49. Ka2 Rh1 50. Rf8 f6 51. Rf7 Rxh2 52. Rd7 Rh3 53. Ra7 Be5 54. Kb1 h5 55. Kc1 h4 56. Kd1 Rg3 57. Ke1 h3 58. Kf2 h2 59. Rxa3 Rxa3 60. Kg2 Ra1 61. Kf2 h1=Q 62. Ke3 Ra4 63. Kd3 Qh3+ 64. Kc2 Ra2+ 65. Kb1 Qb3+ 66. Kc1 Bf4# 0-1

[Event "CAN-op (Pinnacle 48th CAN Op Ch)"]
[Site "Toronto CAN"]
[Date "2011.07.11"]
[Round "3"]
[White "Zotkin, Daniel"]
[Black "Kagramanov, Dalia"]
[Result "1-0"]
[WhiteElo "1598"]
[BlackElo "2027"]
[PlyCount "107"]
[GameId "2160767909707138"]
[EventDate "2011.07.09"]
[EventType "swiss"]
[EventRounds "9"]
[EventCountry "CAN"]
[SourceTitle "hb 2011"]

1. d4 Nf6 2. Nf3 g6 3. Bg5 Bg7 4. Nbd2 O-O 5. e4 d6 6. Bd3 Nfd7 7. c3 Qe8 8. O-O e5 9. Rc1 Nc6 10. d5 Ne7 11. b4 f6 12. Be3 f5 13. Bg5 Nf6 14. Bxf6 Bxf6 15. c4 g5 16. h3 g4 17. hxg4 fxg4 18. Nh2 Qg6 19. Be2 Kh8 20. Nxg4 Rg8 21. Ne3 Bh3 22. Bf3 Bg5 23. Qe2 Bf4 24. Rfd1 Qh6 25. Ndf1 Rg7 26. g3 Rag8 27. Rc2 Bxf1 28. Nxf1 Ng6 29. Bg2 Nf8 30. Qf3 Qg6 31. Ne3 Bxe3 32. Qxe3 a6 33. Qa7 Qg4 34. Rdd2 Qc8 35. c5 Rg6 36. c6 b6 37. Qb7 Qxb7 38. cxb7 Nd7 39. Rxc7 Nb8 40. Rdc2 R6g7 41. Rxg7 Kxg7 42. Rc7+ Kg6 43. Rc8 Kg7 44. Bh3 Rf8 45. Kg2 h6 46. Rxf8 Kxf8 47. Bc8 Kg7 48. Kh3 Kf6 49. Kg4 Kg6 50. f4 Kf6 51. Kh5 Kg7 52. f5 a5 53. b5 a4 54. a3 1-0

[Event "CAN-op (Pinnacle 48th CAN Op Ch)"]
[Site "Toronto CAN"]
[Date "2011.07.12"]
[Round "4"]
[White "Aird, Ian"]
[Black "Moffat, Andrei"]
[Result "0-1"]
[WhiteElo "1909"]
[BlackElo "2215"]
[PlyCount "44"]
[GameId "2160767909707140"]
[EventDate "2011.07.09"]
[EventType "swiss"]
[EventRounds "9"]
[EventCountry "CAN"]
[SourceTitle "hb 2011"]

1. e4 c5 2. Nf3 Nc6 3. Bb5 e6 4. Bxc6 bxc6 5. e5 Ne7 6. O-O Nf5 7. d3 Be7 8. Nc3 f6 9. Re1 O-O 10. Ne4 fxe5 11. Nxe5 Qc7 12. Ng5 d6 13. Nef3 e5 14. c3 h6 15. Ne4 d5 16. Ng3 Bd6 17. Bd2 Rb8 18. Qc2 Nxg3 19. hxg3 Bg4 20. Nh4 Qf7 21. Rf1 g5 22. f3 Bd7 0-1

[Event "CAN-op (Pinnacle 48th CAN Op Ch)"]
[Site "Toronto CAN"]
[Date "2011.07.12"]
[Round "4"]
[White "Back, Jeff"]
[Black "Deline, Ralph"]
[Result "1-0"]
[WhiteElo "2053"]
[BlackElo "1828"]
[PlyCount "63"]
[GameId "2160767909707142"]
[EventDate "2011.07.09"]
[EventType "swiss"]
[EventRounds "9"]
[EventCountry "CAN"]
[SourceTitle "hb 2011"]

1. d4 Nf6 2. Nc3 g6 3. e4 d6 4. f3 Bg7 5. Be3 c6 6. Qd2 O-O 7. Bh6 Bxh6 8. Qxh6 Qb6 9. O-O-O a5 10. h4 a4 11. a3 Ra5 12. g4 Bxg4 13. fxg4 Nxg4 14. Qf4 Nf6 15. Nf3 Nbd7 16. Bh3 Qc7 17. Bxd7 Qxd7 18. e5 Qg4 19. Qxg4 Nxg4 20. Rhg1 Ne3 21. Rd3 Nc4 22. exd6 exd6 23. Re1 b5 24. Re7 d5 25. Ne5 Nxe5 26. dxe5 Raa8 27. Na2 Rac8 28. Nb4 Rfd8 29. Rf3 c5 30. Rfxf7 cxb4 31. Rg7+ Kf8 32. Ref7+ 1-0

[Event "CAN-op (Pinnacle 48th CAN Op Ch)"]
[Site "Toronto CAN"]
[Date "2011.07.12"]
[Round "4"]
[White "Barrios, Felix"]
[Black "Gladstone, Simon"]
[Result "1/2-1/2"]
[WhiteElo "2172"]
[BlackElo "1935"]
[PlyCount "97"]
[GameId "2160767909707143"]
[EventDate "2011.07.09"]
[EventType "swiss"]
[EventRounds "9"]
[EventCountry "CAN"]
[SourceTitle "hb 2011"]

1. d4 e6 2. Bf4 Nf6 3. e3 c5 4. Nd2 Nc6 5. c3 d5 6. Bd3 cxd4 7. exd4 Bd6 8. Bxd6 Qxd6 9. Qe2 O-O 10. Ngf3 Bd7 11. O-O a6 12. Ne5 Rac8 13. a4 Ne7 14. f4 Qb6 15. Ndf3 Bc6 16. Ng5 h6 17. Ngf3 Ne4 18. Nxc6 Nxc6 19. Bxe4 dxe4 20. Ne5 Rcd8 21. Nc4 Qc7 22. Nd2 f5 23. Qc4 Qd6 24. Nb3 Qd5 25. Qxd5 exd5 26. Nc5 Rf7 27. a5 Na7 28. Kf2 Nb5 29. Ke3 Nd6 30. b3 Nb5 31. Rac1 Rd6 32. Rf2 g5 33. g3 g4 34. Rd2 Rc7 35. c4 Na7 36. Rdc2 Kf7 37. Na4 Nc6 38. Nb6 dxc4 39. Rxc4 Re7 40. Nc8 Red7 41. Nxd6+ Rxd6 42. b4 Ke6 43. Rb1 Na7 44. Rc7 Nb5 45. Rxb7 Rxd4 46. Rb3 Rd1 47. Rb2 Rd3+ 48. Kf2 Nd4 49. Rb8 1/2-1/2

[Event "CAN-op (Pinnacle 48th CAN Op Ch)"]
[Site "Toronto CAN"]
[Date "2011.07.12"]
[Round "4"]
[White "Bellissimo, Joseph"]
[Black "Olheiser, Gordon"]
[Result "0-1"]
[WhiteElo "1968"]
[BlackElo "2049"]
[PlyCount "60"]
[GameId "2160767909707144"]
[EventDate "2011.07.09"]
[EventType "swiss"]
[EventRounds "9"]
[EventCountry "CAN"]
[SourceTitle "EXT 2022"]
[Source "ChessBase"]
[SourceDate "2021.10.06"]
[SourceVersion "1"]
[SourceVersionDate "2021.10.06"]
[SourceQuality "1"]

1. e4 e6 2. d4 d5 3. e5 c5 4. c3 Nc6 5. Nf3 Bd7 6. a3 f6 7. b4 fxe5 8. Nxe5 Nxe5 9. dxe5 Qc7 10. f4 O-O-O 11. Bd3 Nh6 12. Bb2 c4 13. Bc2 g5 14. Bc1 gxf4 15. Bxf4 Be8 16. Qd4 Kb8 17. O-O Bg6 18. Be3 b6 19. Bxg6 hxg6 20. Bxh6 Bxh6 21. Rf6 Bg7 22. Rxe6 Rhe8 23. Rxe8 Rxe8 24. Qxd5 Bxe5 25. Qd2 Bxh2+ 26. Kh1 Bg3 27. Kg1 Qh7 28. Qd6+ Bxd6 29. Kf2 Qh4+ 30. Kf3 Qf4# 0-1